000 00506nam a22001937a 4500
003 OSt
005 20241004154028.0
008 241004b |||||||| |||| 00| 0 eng d
020 _a9780470057704
040 _cDDC
082 _a658.15 JON 2010
100 _aJones, Michael
_919247
245 _aManagement Accounting
260 _aAmsterdam; Elsevier, 2010
300 _axxii,122p; Ill: 24cm
504 _aReferences, & index included
650 _aManagement accounting
_95280
942 _2ddc
_cO_SHELF
999 _c9436
_d9436